|
|
|
|
| LEADER |
00000caa a22000002c 4500 |
| 001 |
1640192190 |
| 003 |
DE-627 |
| 005 |
20220608131345.0 |
| 007 |
tu |
| 008 |
160223s1993 xx ||||| 00| ||ger c |
| 035 |
|
|
|a (DE-627)1640192190
|
| 035 |
|
|
|a (DE-576)456078819
|
| 035 |
|
|
|a (DE-599)BSZ456078819
|
| 040 |
|
|
|a DE-627
|b ger
|c DE-627
|e rakwb
|
| 041 |
|
|
|a ger
|
| 100 |
1 |
|
|a Chassé, Karl August
|d 1948-
|0 (DE-588)109334817
|0 (DE-627)472296140
|0 (DE-576)16459356X
|4 aut
|
| 109 |
|
|
|a Chassé, Karl August 1948-
|a Chassé, Karl-August 1948-
|a Chassé, Karl A. 1948-
|a Chassé, K. A. 1948-
|
| 245 |
1 |
0 |
|a Kinder und Armut
|c Karl August Chassé
|
| 264 |
|
1 |
|c 1993
|
| 336 |
|
|
|a Text
|b txt
|2 rdacontent
|
| 337 |
|
|
|a ohne Hilfsmittel zu benutzen
|b n
|2 rdamedia
|
| 338 |
|
|
|a Band
|b nc
|2 rdacarrier
|
| 773 |
0 |
8 |
|i In
|t Kind, Jugend, Gesellschaft
|d München : Reinhardt, 1991
|g 38(1993), 2, Seite 37-41
|w (DE-627)130971367
|w (DE-600)1071006-1
|w (DE-576)025191764
|x 0939-4354
|7 nnas
|
| 773 |
1 |
8 |
|g volume:38
|g year:1993
|g number:2
|g pages:37-41
|
| 935 |
|
|
|a mkri
|
| 951 |
|
|
|a AR
|
| ELC |
|
|
|b 1
|
| LOK |
|
|
|0 000 xxxxxcx a22 zn 4500
|
| LOK |
|
|
|0 001 330161311X
|
| LOK |
|
|
|0 003 DE-627
|
| LOK |
|
|
|0 004 1640192190
|
| LOK |
|
|
|0 005 20250613115356
|
| LOK |
|
|
|0 008 160208||||||||||||||||ger|||||||
|
| LOK |
|
|
|0 040
|a DE-21-110
|c DE-627
|d DE-21-110
|
| LOK |
|
|
|0 689
|a s
|a Armut
|
| LOK |
|
|
|0 689
|a s
|a Kinder
|
| LOK |
|
|
|0 852
|a DE-21-110
|
| LOK |
|
|
|0 852 1
|m p
|9 00
|
| LOK |
|
|
|0 935
|a k110
|
| LOK |
|
|
|0 938
|k p
|
| LOK |
|
|
|0 939
|a 08-02-16
|b l01
|
| ORI |
|
|
|a SA-MARC-krimdoka001.raw
|